| 000 | 00576nam a22002297a 4500 | ||
|---|---|---|---|
| 999 |
_c10200 _d10200 |
||
| 001 | 10200 | ||
| 003 | OSt | ||
| 005 | 20180419173021.0 | ||
| 008 | 180419b1965 bg ||||| |||| 00| 0 eng d | ||
| 035 | _a(BD-JhCC)10200 | ||
| 040 |
_aBD-JhCC _dBD-JhCC |
||
| 041 | _aeng | ||
| 082 |
_a297.09 _bRAH 1965 |
||
| 100 | _aRahim, Dr. A. | ||
| 245 |
_aA Short History of Islam / _cDr. A. Rahim |
||
| 260 |
_aDhaka : _bAhmed Publishing House _c1965. |
||
| 300 |
_a347 p. : _c17 cm. |
||
| 650 | _aIslamic History | ||
| 650 | _aIslamic Countries | ||
| 942 |
_2ddc _cBK |
||